| Tag |
First Indicator |
Second Indicator |
Subfields |
| LEADER |
00000cam a2200000 4500 |
| 001 |
in00000057596 |
| 005 |
20151008050409.0 |
| 008 |
740430s1939 nyu b 00000 eng u |
| 010 |
|
|
|a 39006613
|
| 035 |
|
|
|a (OCoLC)00873036
|
| 035 |
|
|
|9 AAG0810AM
|
| 040 |
|
|
|c DXU
|d TXA
|d UtOrBLW
|
| 049 |
|
|
|a TXAM
|c [168837]
|
| 050 |
|
0 |
|a HC275
|b .C57
|
| 092 |
|
|
|a 330.944
|b C647f
|
| 100 |
1 |
|
|a Clough, Shepard B.
|q (Shepard Bancroft),
|d 1901-1990.
|
| 245 |
1 |
0 |
|a France :
|b a history of national economics, 1789-1939 /
|c by Shepard Bancroft Clough.
|
| 264 |
|
1 |
|a New York,
|a Chicago [etc.] :
|b Scribner,
|c [1939]
|
| 264 |
|
4 |
|c [©1939]
|
| 300 |
|
|
|a ix pages, 1., 498 pages :
|b diagram ;
|c 24 cm.
|
| 336 |
|
|
|a text
|b txt
|2 rdacontent
|
| 337 |
|
|
|a unmediated
|b n
|2 rdamedia
|
| 338 |
|
|
|a volume
|b nc
|2 rdacarrier
|
| 504 |
|
|
|a "Bibliography and notes": pages 371-487.
|
| 651 |
|
0 |
|a France
|x Economic policy.
|
| 651 |
|
0 |
|a France
|x Economic conditions.
|
| 999 |
|
|
|a MARS
|
| 999 |
f |
f |
|s 7d28a4fa-2041-357e-8b31-167003558020
|i 5d253222-5d7f-3781-bd1b-0e74860a914e
|t 0
|
| 952 |
f |
f |
|p normal
|a Texas A&M University
|b College Station
|c Sterling C. Evans Library
|d Evans: Library Stacks
|t 0
|e HC275 .C57
|h Library of Congress classification
|i unmediated -- volume
|m A14800702667
|
| 998 |
f |
f |
|a HC275 .C57
|t 0
|l Evans: Library Stacks
|